<?xml version="1.0" encoding="UTF-8"?><?xml-stylesheet type="text/xsl" href="static/style.xsl"?><OAI-PMH xmlns="http://www.openarchives.org/OAI/2.0/" xmlns:xsi="http://www.w3.org/2001/XMLSchema-instance" xsi:schemaLocation="http://www.openarchives.org/OAI/2.0/ http://www.openarchives.org/OAI/2.0/OAI-PMH.xsd"><responseDate>2026-04-27T20:21:40Z</responseDate><request verb="GetRecord" identifier="oai:riubu.ubu.es:10259/5102" metadataPrefix="marc">https://riubu.ubu.es/oai/request</request><GetRecord><record><header><identifier>oai:riubu.ubu.es:10259/5102</identifier><datestamp>2025-01-14T12:29:35Z</datestamp><setSpec>com_10259_9427</setSpec><setSpec>com_10259_5087</setSpec><setSpec>com_10259_2728</setSpec><setSpec>col_10259_9428</setSpec></header><metadata><record xmlns="http://www.loc.gov/MARC21/slim" xmlns:doc="http://www.lyncode.com/xoai" xmlns:xsi="http://www.w3.org/2001/XMLSchema-instance" xmlns:dcterms="http://purl.org/dc/terms/" xsi:schemaLocation="http://www.loc.gov/MARC21/slim http://www.loc.gov/standards/marcxml/schema/MARC21slim.xsd">
<leader>00925njm 22002777a 4500</leader>
<datafield tag="042" ind1=" " ind2=" ">
<subfield code="a">dc</subfield>
</datafield>
<datafield tag="720" ind1=" " ind2=" ">
<subfield code="a">Cámbara Alfaro, Ana María</subfield>
<subfield code="e">author</subfield>
</datafield>
<datafield tag="520" ind1=" " ind2=" ">
<subfield code="a">Cuando se cumplen cuarenta años de vigencia de la Constitución Española de 1978, resulta imprescindible realizar una reflexión profunda sobre el gran debate que en la actualidad se genera, en discusiones sobre este tema, tanto en el ámbito social como en el institucional.&#xd;
Este trabajo propone utilizar el cine como recurso didáctico por su gran influencia en el pensamiento y en la conducta humana, para fomentar el desarrollo del juicio crítico a través de una metodología interdisciplinar donde prime la adquisición y potenciación de los valores democráticos que la Carta Magna recoge.&#xd;
Asimismo, se aborda este proyecto como proceso de reconstrucción del saber, a partir de los conocimientos previos del alumnado, tomando como elemento motivador una película que otorga un aprendizaje objetivo del pasado y del presente y que ofrece la posibilidad de enseñar a vivir de forma coherente, respetuosa y democrática, como propósito para construir un futuro mejor.</subfield>
</datafield>
<datafield tag="520" ind1=" " ind2=" ">
<subfield code="a">When the Spanish Constitution of 1978 is in force for forty years, it is essential to carry out a profound reflection on the great debate that is currently being generated, in discussions on this subject, both in the social and institutional spheres.&#xd;
This work proposes using cinema as a didactic resource due to its great influence on human thought and behavior, to encourage the development of critical judgment through an interdisciplinary methodology where the acquisition and promotion of democratic values that the Magna Carta reflects.&#xd;
Also, this project is addressed as a process of reconstruction of knowledge, based on previous knowledge of students, taking as a motivating element a film that provides an objective learning of the past and present and offers the possibility of teaching how to live coherently, respectful and democratic, as a purpose to build a better future.</subfield>
</datafield>
<datafield tag="024" ind2=" " ind1="8">
<subfield code="a">http://hdl.handle.net/10259/5102</subfield>
</datafield>
<datafield ind1=" " ind2=" " tag="653">
<subfield code="a">Educación Primaria</subfield>
</datafield>
<datafield ind1=" " ind2=" " tag="653">
<subfield code="a">Constitución Española</subfield>
</datafield>
<datafield ind1=" " ind2=" " tag="653">
<subfield code="a">Valores Democráticos</subfield>
</datafield>
<datafield ind1=" " ind2=" " tag="653">
<subfield code="a">Metodología Interdisciplinar</subfield>
</datafield>
<datafield ind1=" " ind2=" " tag="653">
<subfield code="a">Cine</subfield>
</datafield>
<datafield ind1=" " ind2=" " tag="653">
<subfield code="a">Primary Education</subfield>
</datafield>
<datafield ind1=" " ind2=" " tag="653">
<subfield code="a">Spanish Constitution</subfield>
</datafield>
<datafield ind1=" " ind2=" " tag="653">
<subfield code="a">Democratic Values</subfield>
</datafield>
<datafield ind1=" " ind2=" " tag="653">
<subfield code="a">Interdisciplinary Methodology</subfield>
</datafield>
<datafield ind1=" " ind2=" " tag="653">
<subfield code="a">Cinema</subfield>
</datafield>
<datafield tag="245" ind1="0" ind2="0">
<subfield code="a">El disputado voto del Señor Cayo: experiencias didácticas en torno al cine</subfield>
</datafield>
</record></metadata></record></GetRecord></OAI-PMH>